000 00663nam a2200241 i 4500
001 C2-0268251
003 PPAK
005 20180727235223.0
008 060808s1999 my a|||| ||||| | may d
020 _a983982712X
040 _aPPAK
_beng
_cPPAK
_erda
082 0 4 _a351.595
_223
090 0 0 _a351.595
_bPER
_dKAR
245 0 0 _aPerkhidmatan Awam Malaysia: Menuju Alaf Baru
264 1 _aKuala Lumpur :
_bMAMPU ,
_c1999
300 _a200 pages :
_bcolour illustrations ;
_c21 cm
336 _2rdacontent
_atext
337 _2rdamedia
_aunmediated
338 _2rdacarrier
_avolume
650 1 0 _aCivil service- Malaysia
700 _eauthor
942 _ddc
_cB
999 _c77080
_d77080